Normal view
MARC view
Entry Topical Term
001 - CONTROL NUMBER
- control field: 10952
003 - CONTROL NUMBER IDENTIFIER
- control field: BD-RjUL
005 - DATE AND TIME OF LATEST TRANSACTION
- control field: 20240118151219.0
008 - FIXED-LENGTH DATA ELEMENTS
- fixed length control field: 240118|| aca||aabn | a|a d
040 ## - CATALOGING SOURCE
- Original cataloging agency: BD-RjUL
- Transcribing agency: BD-RjUL
150 ## - HEADING--TOPICAL TERM
- Topical term or geographic name entry element: Private investigators
- Geographic subdivision: Great Britain
- Form subdivision: Fiction
670 ## - SOURCE DATA FOUND
- Source citation: Work cat.: (BD-RjUL)82686: Doyle, Arthur Conan, 1859-1930 10926, A study in scarlet /, [1893?].